Tilastot visalle Suomalaiset yhtyeet ja artistit

Klikkaa tästä pelataksesi tätä visaa!

Yleistilastot

  • Tätä visaa on pelattu 402 kertaa
  • Keskiarvotulos 7 / 17

Vastaustilastot

KappaleetArtisti/Yhtye% Oikein
"12 apinaa" "Teflonlove"Nylon Beat
78%
"Puhtoinen lähiöni" "Akun Tehdas"Eppu Normaali
64%
"Kakskytä Centtiä" "Suuret setelit"Popeda
64%
"Norjalainen villapaita" "Pyhä toimitus"Juice Leskinen
55%
"Kuuleeko yö" "Sua vasten aina painautuisin"Paula Koivuniemi
51%
"Harri" "Aamuisin"Zen Cafe
49%
"Pariisi-Helsinki" "Oot täydellinen"Jari Sillanpää
45%
"Läpikulkumatkalla" "Suljettu Sydän"Jonna Tervomaa
45%
"Riidankylväjä" "Tuulee"Don Huonot
37%
"Kirjoituksia" "Jäätelöauto"Ultra Bra
34%
"Shine" "Late"Kwan
34%
"Kuka Pysäyttäisi Kellot?"Suurlähettiläät
33%
"Nasta pimu" "Margarita"Kake Randelin
32%
"Naughty Boy" "All I Want"Killer
28%
"Fullmoon" "Last Drop Falls"Sonata Arctica
23%
"Älä Mee" "Viimeisellä Rannalla"Sir Elwoodin Hiljaiset Värit
20%
"Hei pieni" "Koivuniemen Herra"Egotrippi
20%

Tulosjakauma

Persentiili vastausten määrän mukaan

Jokaisen tuloksen saaneiden osuus

Tuloshistoriasi

Et ole pelannut tätä visaa